000 01350nam a2200337Ia 4500
005 20220317000311.0
008 141031s9999 ck 000 0 spa d
020 _a9788481098778
100 1 0 _aRoth, Philip,
_d1933-
245 1 0 _aTrilogía americana
_bpastoral americana ; me casé con un comunista ; la mancha humana
_cPhilip Roth ; traducción Jordi Fibla
246 _aTrilogía americana
_bPastoral americana ; me casé con un comunista ; la mancha humana
250 _a1a edición
300 _a1212 páginas
_c21 cm.
490 _aColección obra selecta
505 _aPastoral americana -- Me casé con un comunista -- La mancha humana
534 _tAméica pastoral -- I married a communist -- The human stain
650 1 4 _2LEMB
_aNovela Estadounidense
650 1 4 _2LEMB
_aLiteratura Estadounidense
651 1 4 _aEstados unidos
_xVida social y costumbres
_912956
651 1 4 _aLEMB
_xComunismo
_vNovela
_912957
651 1 4 _aLEMB
_xRacismo
_vNovela
_912958
700 1 _aFibla, Jordi
_etraductor
_940925
740 _aPastoral americana \ Me casé con un comunista \ La mancha humana
942 _2loc
_cBKLIT
264 _aBarcelona
_bGalaxia Gutenberg
_c2011
336 _atexto
_btxt
_2rdacontent
337 _asin mediación
_bn
_2rdamedia
338 _avolumen
_bnc
_2rdacarrier
040 _aCO-BoRNBP
_bspa
_erda
_cCO-BoRNBP
084 _aN ROT2
999 _c3662
_d3662